| 000 | 00933nam a2200253 a 4500 | ||
|---|---|---|---|
| 001 | adlib96000001 | ||
| 003 | ViArRB | ||
| 005 | 200902210153555.7 | ||
| 008 | 960221s1955 dcuabcdjdbkoqu001 0deng d | ||
| 020 | _a | ||
| 022 | _a | ||
| 040 | _aAdlib | ||
| 082 | _a547:542 | ||
| 245 | _aAdvanced practical organic chemistry | ||
| 250 | _a | ||
| 260 |
_aNew Delhi _bVikas Publishing House Pvt. Ltd. _c1979 |
||
| 300 |
_ax, 472p. _c |
||
| 500 | _a | ||
| 100 |
_aVishnoi, N K _e |
||
| 700 |
_a _a |
||
| 942 | _cBK | ||
| 653 |
_aOrganic chemistry _aPhysiccal organic chemistry _aChemistry _aSpectroscopy _aBiochemistry _aSpectrum analysis _aAcids _aBases- chemistry _aPhysical science _aScience _aChemistry _aSpectroscopy _aBiochemistry _aSpectrum analysis _aAcids _aBases- chemistry _aPhysical science _aScience _aOrganic reactions |
||
| 952 |
_w2010-06-16 _p00017483 _r2010-06-16 _40 _00 _bUL _10 _o547:542 VIS _d2010-06-16 _70 _yBK _aUL |
||
| 999 |
_c15581 _d15580 |
||